Salāmah Mūsá wa-azmat al-ḍamīr al-ʻArabī (Record no. 45911)

MARC details
000 -LEADER
fixed length control field 00604cam a22002171 4500
001 - CONTROL NUMBER
control field ne 63001038
003 - CONTROL NUMBER IDENTIFIER
control field DLC
005 - DATE AND TIME OF LATEST TRANSACTION
control field 20260227111745.0
008 - FIXED-LENGTH DATA ELEMENTS--GENERAL INFORMATION
fixed length control field 880714s1962 ua 000 0 arar
010 ## - LIBRARY OF CONGRESS CONTROL NUMBER
LC control number ne 63001038
035 ## - SYSTEM CONTROL NUMBER
System control number (OCoLC)18215896
040 ## - CATALOGING SOURCE
Original cataloging agency DLC
Transcribing agency WaU
Modifying agency DLC
042 ## - AUTHENTICATION CODE
Authentication code premarc
050 00 - LIBRARY OF CONGRESS CALL NUMBER
Classification number B143.M83
Item number S3
100 1# - MAIN ENTRY--PERSONAL NAME
Personal name Shukrī, Ghālī.
245 10 - TITLE STATEMENT
Title Salāmah Mūsá wa-azmat al-ḍamīr al-ʻArabī
Statement of responsibility, etc. [taʼlīf] Ghālī Shukrī.
250 ## - EDITION STATEMENT
Edition statement [Ṭabʻah 1]
260 ## - PUBLICATION, DISTRIBUTION, ETC.
Place of publication, distribution, etc. Miṣr,
Name of publisher, distributor, etc. Maktabat al-Khānjī,
Date of publication, distribution, etc. [1962]
300 ## - PHYSICAL DESCRIPTION
Extent 341 p.
600 10 - SUBJECT ADDED ENTRY--PERSONAL NAME
Personal name Mūsá, Salāmah,
Dates associated with a name 1887-1958.

No items available.

Powered by Koha